Podstawy metodyczne rachunku efektywnosci doboru materialów w przedsiebiorstwie przemyslowym
Gespeichert in:
| 1. Verfasser: | |
|---|---|
| Format: | Buch |
| Sprache: | Polnisch |
| Veröffentlicht: |
Wroclaw
Akademia Ekon. im. Oskara Langego
1989
|
| Ausgabe: | 1. wyd. |
| Schriftenreihe: | Prace naukowe
Nr.483 |
| Tags: |
Keine Tags, Fügen Sie das erste Tag hinzu!
|
MARC
| LEADER | 00000nam a2200000 4500 | ||
|---|---|---|---|
| 001 | c038825 | ||
| 005 | 20250606125153.4 | ||
| 041 | 0 | |a pol | |
| 044 | |a PL | ||
| 245 | 1 | 0 | |a Podstawy metodyczne rachunku efektywnosci doboru materialów w przedsiebiorstwie przemyslowym |c Szymon Stempin |
| 250 | |a 1. wyd. | ||
| 264 | 1 | |a Wroclaw |b Akademia Ekon. im. Oskara Langego |c 1989 | |
| 300 | |a 194 s. | ||
| 490 | 1 | |a Prace naukowe |v Nr.483 | |
| 830 | 0 | |a Prace naukowe |v Nr.483 | |
| 100 | 1 | |a Stempin, Szymon | |